000 nam a22 7a 4500
999 _c44149
_d44149
003 OSt
005 20180504111920.0
008 180504b xxu||||| |||| 00| 0 eng d
040 _cIIMT UNIVERSITY, MEERUT
050 _a624.125GOR
_b327
082 _22ND
_a624.125GOR
_b327
100 _aGORSE, A
245 _aADVANCED CONSTRUCTION OF BUILDINGS
250 _a2ND
260 _aDELHI
_bWILEY INDIA
_c2010
300 _b2ND ED.582 P P.
_ePAPERBACK
760 _b2ND ED.
856 _3PAPERBACK
887 _2ACCESSION REGISTER
942 _2ddc
_c01
_e2ND ED.
_hTITLE
_iBOOK
_k624.125GOR
_m624.125GOR